000 01258nam a22003257a 4500
003 DO-SdBNP
005 20180306135016.0
008 160429b 2000 dr||||| |||| 00| 0 spa d
020 _a9945444484
040 _aBPMSU
_bspa
_cBPMSU
092 _a372.257
_bV335c 5to. [20--]
100 _aVásquez Güichardo, Julia Mery
245 _aCiencias de la naturaleza 5 :
_b[educación básica] /
_cJulia Mery Vásquez Gúichardo , Andrea Griselda Rincón Ozuna
260 _aSanto Domingo :
_bActualidad escolar 2000
_c[20--]
300 _a2v. :
_bil. :
_c28 cm
505 _aUnidad 1- Conociendo nuestro planeta
505 _aUnidad 2 - Historia de nuestro planeta : la tierra
505 _aUnidad 3 - La vida en la tierra
505 _aUnidad 4 - Energía y movimiento
650 4 _aCIENCIAS NATURALES
_xENSEÑANZA BÁSICA
650 4 _aCIENCIAS NATURALES
_xEDUCACIÓN PRIMARIA
650 _aCIENCIAS NATURALES
_xLIBROS DE TEXTOS
650 4 _aCIENCIAS NATURALES
_xESTUDIOS Y EJERCICIOS
650 4 _aEDUCACIÓN PRIMARIA
_zREPÚBLICA DOMINICANA
700 1 2 _aRincón Ozuna, Andrea Griselda
910 _aValidado. Control de calidad MFF
942 _2ddc
_cBK
945 _aRemanejado para la BNPHU / 2018 VM
956 _adaysi garcia
999 _c9967
_d9967